Patinando por el cielo / (Record no. 1838)
[ view plain ]
| 000 -LEADER | |
|---|---|
| campo de control de longitud fija | 01109nam a22002177a 4500 |
| 003 - IDENTIFICADOR DE NÚMERO DE CONTROL | |
| campo de control | OSt |
| 005 - FECHA Y HORA DE LA ÚLTIMA TRANSACCIÓN | |
| campo de control | 20240719192402.0 |
| 008 - DATOS DE LONGITUD FIJA--INFORMACIÓN GENERAL | |
| campo de control de longitud fija | 240719b |||||||| |||| 00| 0 eng d |
| 020 ## - NÚMERO INTERNACIONAL ESTÁNDAR DEL LIBRO | |
| Número Internacional Estándar del Libro | 9583379980 |
| 040 ## - FUENTE DE CATALOGACIÓN | |
| Centro catalogador/agencia de origen | CO-UdeC |
| Lengua de catalogación | esp |
| Centro/agencia transcriptor | CO-UdeC |
| Centro/agencia modificador | CO-UdeC |
| Normas de descripción | aarc |
| 082 04 - NÚMERO DE LA CLASIFICACIÓN DECIMAL DEWEY | |
| Número de clasificación | 861 |
| Número de ítem | C836 |
| 100 1# - ENTRADA PRINCIPAL--NOMBRE DE PERSONA | |
| Nombre de persona | Cossio, Alexander |
| 9 (RLIN) | 1772 |
| 245 10 - MENCIÓN DEL TÍTULO | |
| Título | Patinando por el cielo / |
| Mención de responsabilidad, etc. | Alexander Cossio. |
| 260 3# - PUBLICACIÓN, DISTRIBUCIÓN, ETC. | |
| Lugar de publicación, distribución, etc. | [Bogotá] : |
| Nombre del editor, distribuidor, etc. | Cargraphics S.A - Red de Impresión Digital, |
| Fecha de publicación, distribución, etc. | 2005. |
| 300 ## - DESCRIPCIÓN FÍSICA | |
| Otras características físicas | ilustrado, |
| Dimensiones | 24 cm. |
| 505 ## - NOTA DE CONTENIDO CON FORMATO | |
| Nota de contenido con formato | Con la voluntad del alma hoy le escribo a la ternura, como el amor le ha escrito con respeto a la locura; Le escribo a quien da un beso como entregando la vida, y a todo el que aún amando se arriesga a dar la partida. En estas líneas mi vida se va escribiendo y sorteando como se entrega la esencia de todo aquel que va amando. En este expreso sin tumbo partió un himno a la grandeza, de todas las cosas chicas que el alma le dan riqueza.<br/>[Tomado de contraportada] |
| 546 ## - NOTA DE IDIOMA | |
| Nota de lengua/lenguaje | Español |
| 650 14 - PUNTO DE ACCESO ADICIONAL DE MATERIA--TÉRMINO DE MATERIA | |
| Término de materia o nombre geográfico como elemento de entrada | Literatura colombiana |
| 9 (RLIN) | 269 |
| 650 14 - PUNTO DE ACCESO ADICIONAL DE MATERIA--TÉRMINO DE MATERIA | |
| Término de materia o nombre geográfico como elemento de entrada | Poesía colombiana |
| 9 (RLIN) | 1754 |
| 942 ## - ELEMENTOS DE ENTRADA SECUNDARIOS (KOHA) | |
| Fuente del sistema de clasificación o colocación | Clasificación Decimal Dewey |
| Tipo de ítem Koha | Libros |
| Parte de la signatura que corresponde a la clasificación (Parte de la clasificación) | 861 C836 |
| Suprimir en OPAC | No |
| Estatus retirado | Estado de pérdida | Fuente del sistema de clasificación o colocación | Estado de daño | No para préstamo | Colección | Biblioteca de origen | Biblioteca actual | Fecha de adquisición | Total de préstamos | Signatura topográfica completa | Código de barras | Visto por última vez | Copia número | Precio de reemplazo | Tipo de ítem Koha |
|---|---|---|---|---|---|---|---|---|---|---|---|---|---|---|---|
| Clasificación Decimal Dewey | Colección general | U DE COLOMBIA - Biblioteca | U DE COLOMBIA - Biblioteca | 19/07/2024 | 861 C836 | 001796 | 19/07/2024 | 1 | 19/07/2024 | Libros |
